MARC details
| 000 - LÍDER |
| campo de control de longitud fija |
02122nam a2200265Ia 4500 |
| 008 - ELEMENTOS DE DATOS DE LONGITUD FIJA - INFORMACIÓN GENERAL |
| campo de control de longitud fija |
0000001996 sp ad 0000000000mul00 |
| 020 ## - INTERNATIONAL STANDARD BOOK NUMBER |
| International Standard Book Number |
8448212312 |
| 090 ## - NÚMERO DE LLAMADA DE TIPO LC LOCALMENTE ASIGNADO (OCLC) |
| Número de clasificación (OCLC) (R) |
PSP00 P27s |
| 100 1# - ENTRADA PRINCIPAL - NOMBRE PERSONAL |
| Nombre de la persona |
Pérez Rojas, Javier |
| 245 10 - TÍTULO DECLARACIÓN |
| Título |
Los Sorolla de Valencia = Sorolla |
| Resto del título |
: paintings from Valencia |
| Declaración de responsabilidad |
/ textos Javier Pérez Rojas, con la colaboración de Juan de Plácido ; traducciones Manuel García Castellanos, Agustín Nieto, Brendan Lambe |
| 260 ## - PUBLICACIÓN, DISTRIBUCIÓN |
| Lugar de publicación |
Valencia : Generalitat Valenciana |
| Fecha de publicación |
1996 |
| 300 ## - DESCRIPCIÓN FÍSICA |
| Alcance |
221 p. |
| Dimensiones |
/ 28 cm. |
| 500 ## - NOTA GENERAL |
| Nota general |
Exposición realizada en Museo de Arte de Ponce, 1996 \ Texto bilingue: español inglés \ Proyecto Ganador Programa Apoyos Concertados FGAA 2010 |
| 501 ## - Con nota |
| Con nota |
Sorolla, atrapando impresiones = Sorolla, capturing, impressions / Javier Pérez Rojas Los Sorolla de Valencia = Sorolla, paintings from Valenca Otras pinturas de Sorolla en Colecciones particulares valencianas = Other paintings of Sorolla in Valencian private collections |
| 505 ## - NOTA DE CONTENIDO FORMATEADA |
| Nota sobre el contenido formateado |
OBRAS : Majo levantino El palleter declarando la guerra a Napoleón Tres cabezas de estudio Bacante El niño de la bola Crucificado o el buen ladrón (San Dimas) La virgen María Boceto de triste herencia Playa de valencia, pescadoras Pescadoras valencianas Rafaga de viento Al agua Mi familia Retrato del matrimonio García María, convaleciente Clotilde en la ventana Retrato de Jaraño El conde Artal Retrato de estanislao Granzow Don amalio Gimeno La grupa Boceto del baile Patio del Cabañal Otoño en la granja Paisaje de Oriamendi Playa de Biarritz Figuras sentadas en la playa de San Sebastian Señoras en un banco del paseo de La Concha, San Sebastián Horno |
| 600 00 - ENTRADA DE SUJETO AÑADIDO - NOMBRE PERSONAL |
| Nombre de la persona |
SOROLLA, JOAQUIN, 18631923/ |
| Subdivisión general |
TRABAJOS PICTORICOS |
| 650 14 - ENTRADA DE SUJETO AÑADIDO - TÉRMINO TÓPICO |
| Término tópico o elemento de entrada del nombre geográfico |
ARTE CONTEMPORANEO ESPAÑOL |
| 650 14 - ENTRADA DE SUJETO AÑADIDO - TÉRMINO TÓPICO |
| Término tópico o elemento de entrada del nombre geográfico |
ARTISTAS PLASTICOS ESPAÑOLES EXPOSIONES |
| 650 14 - ENTRADA DE SUJETO AÑADIDO - TÉRMINO TÓPICO |
| Subdivisión general |
CATALOGOS |
| 650 14 - ENTRADA DE SUJETO AÑADIDO - TÉRMINO TÓPICO |
| Subdivisión general |
EXPOSICIONES |
| 650 14 - ENTRADA DE SUJETO AÑADIDO - TÉRMINO TÓPICO |
| Término tópico o elemento de entrada del nombre geográfico |
PINTORES ESPAÑOLES |
| 650 14 - ENTRADA DE SUJETO AÑADIDO - TÉRMINO TÓPICO |
| Término tópico o elemento de entrada del nombre geográfico |
PINTURA AL OLEO |
| 650 14 - ENTRADA DE SUJETO AÑADIDO - TÉRMINO TÓPICO |
| Término tópico o elemento de entrada del nombre geográfico |
PINTURA ESPAÑOLA |
| 700 1# - ENTRADA AGREGADA - NOMBRE PERSONAL |
| Nombre de la persona |
Plácido, Juan de \ García Castellanos, Manuel \ Nieto, Agustín \ Lambe, Brendan |